[Event "Quebec-ch reserve"]
[Site "Montreal CAN"]
[Date "1985.06.23"]
[Round "6"]
[White "Desforges, Jean"]
[Black "Lacroix, Serge"]
[Result "1-0"]
[WhiteElo "2018"]
[BlackElo "1923"]
[PlyCount "149"]
[EventDate "1985.06.17"]
[EventType "tourn"]
[EventRounds "9"]
[EventCountry "CAN"]

1. d4 Nf6 2. c4 e6 3. Nf3 d5 4. g3 c5 5. cxd5 exd5 6. Bg2 Nc6 7. O-O Bg4 8. Ne5
Be6 9. Nxc6 bxc6 10. dxc5 Bxc5 11. Nc3 Qd7 12. Na4 Be7 13. Be3 O-O 14. Bc5 Rab8
15. Qd4 Rfe8 16. b3 Bh3 17. Rac1 Bxg2 18. Kxg2 Ne4 19. Bxe7 Rxe7 20. Rc2 h5 21.
Nc5 Nxc5 22. Qxc5 Rb5 23. Qxc6 Qxc6 24. Rxc6 Rxe2 25. Ra6 Re7 26. Rd1 Rd7 27.
Rd4 f6 28. Kf3 Kf7 29. Ke3 Kg6 30. Rda4 Re7+ 31. Kd3 Rbb7 32. R6a5 Rbd7 33. Rd4
Re5 34. Kd2 Kf5 35. h3 Ke6 36. Rda4 Rf5 37. f4 g5 38. Ra6+ Ke7 39. Rxa7 Rxa7
40. Rxa7+ Kd6 41. Ra4 h4 42. gxh4 gxf4 43. Ke2 f3+ 44. Kf2 Ke5 45. a3 Kd6 46.
Rd4 Ke5 47. Rd3 Ke4 48. Re3+ Kd4 49. a4 Rf4 50. h5 Rh4 51. Rxf3 Rxh5 52. Ke2 f5
53. Kd2 Rg5 54. Rd3+ Ke4 55. a5 f4 56. Kc2 d4 57. b4 f3 58. a6 f2 59. Rd1 Rg2
60. Rf1 Ke3 61. a7 d3+ 62. Kc3 Rg8 63. b5 Rc8+ 64. Kb2 Ke2 65. b6 Kxf1 66. b7
Rc2+ 67. Kb3 Ke2 68. b8=Q f1=Q 69. Qe5+ Kd2 70. Qg5+ Kd1 71. a8=Q Qf7+ 72. Qad5
Qh7 73. Qg1+ Kd2 74. Qdg5+ Ke2 75. Q5e3# 1-0

[Event "Quebec-ch reserve"]
[Site "Montreal CAN"]
[Date "1985.06.26"]
[Round "8"]
[White "Lacroix, Serge"]
[Black "Saint-Pierre, Benoit"]
[Result "1-0"]
[WhiteElo "1923"]
[BlackElo "1803"]
[PlyCount "98"]
[EventDate "1985.06.17"]
[EventType "tourn"]
[EventRounds "9"]
[EventCountry "CAN"]

1. d4 Nf6 2. c4 c5 3. d5 b5 4. cxb5 a6 5. bxa6 Bxa6 6. Nc3 d6 7. e4 Bxf1 8.
Kxf1 g6 9. g3 Bg7 10. Nf3 O-O 11. Kg2 Nbd7 12. h3 Nb6 13. Re1 Nfd7 14. Bg5 Nc4
15. Qc2 h6 16. Bf4 Qb6 17. b3 Nce5 18. Nd2 Qa6 19. a4 Nd3 20. Nb5 Nxe1+ 21.
Rxe1 Rfb8 22. Nc4 g5 23. Bd2 Rxb5 24. axb5 Qxb5 25. Bc3 Rb8 26. Bxg7 Kxg7 27.
Re3 f6 28. f4 Qb7 29. Na5 Qc7 30. Nc6 Re8 31. h4 e5 32. Qe2 Nb8 33. hxg5 Nxc6
34. gxf6+ Kxf6 35. Qh5 Ke7 36. dxc6 exf4 37. Qh4+ Kf7 38. Qxf4+ Kg7 39. Qg4+
Kh7 40. Qf5+ Kg7 41. Qg4+ Kh7 42. Rf3 Qe7 43. Qf5+ Kh8 44. Rf4 Rg8 45. Qf6+ Qg7
46. Rf3 Kh7 47. Qxd6 Qb2+ 48. Kh3 Qg7 49. Qe6 Kh8 1-0

[Event "Quebec-ch reserve"]
[Site "Montreal CAN"]
[Date "1985.06.29"]
[Round "9"]
[White "Gendron, Bernard"]
[Black "Lacroix, Serge"]
[Result "0-1"]
[WhiteElo "1922"]
[BlackElo "1923"]
[PlyCount "52"]
[EventDate "1985.06.17"]
[EventType "tourn"]
[EventRounds "9"]
[EventCountry "CAN"]

1. d4 Nf6 2. Nf3 e6 3. c4 d5 4. Nc3 c5 5. cxd5 exd5 6. Bg5 Be7 7. dxc5 Nc6 8.
Bxf6 Bxf6 9. Nxd5 Bxb2 10. Rb1 Ba3 11. e3 Bxc5 12. Bc4 O-O 13. O-O b6 14. Qc2
Re8 15. Nf4 Qf6 16. Bd5 Bf5 17. e4 Bg4 18. e5 Qxf4 19. Bxc6 Bxf3 20. Bxf3 Rad8
21. Be4 Rxe5 22. Bxh7+ Kh8 23. g3 Qg4 24. Rfd1 Rxd1+ 25. Rxd1 g6 26. Qc3 Qxd1+
0-1

[Event "Laurentides"]
[Site "St-Jerome CAN"]
[Date "1985.01.27"]
[Round "3"]
[White "Lacroix, Serge"]
[Black "Girard, Robin"]
[Result "1-0"]
[WhiteElo "2011"]
[BlackElo "2141"]
[PlyCount "49"]
[EventDate "1985.01.26"]
[EventType "swiss"]
[EventRounds "4"]
[EventCountry "CAN"]

1. d4 Nf6 2. Nf3 g6 3. c4 Bg7 4. Nc3 O-O 5. e4 d6 6. Be2 c5 7. d5 b5 8. cxb5 a6
9. h3 axb5 10. Bxb5 Nxe4 11. Nxe4 Qa5+ 12. Nc3 Bxc3+ 13. bxc3 Qxb5 14. Qe2 Qa4
15. O-O Ba6 16. Qxe7 Re8 17. Qxd6 Bxf1 18. Bh6 Ra6 19. Qxc5 Qc4 20. Re1 Qa4 21.
Qd4 f6 22. Qxa4 Rxa4 23. Rxe8+ Kf7 24. Rf8+ Ke7 25. Rxb8 1-0

[Event "Specialiste op"]
[Site "Montreal CAN"]
[Date "1985.01.20"]
[Round "5"]
[White "Lacroix, Serge"]
[Black "Leveille, Francois"]
[Result "1-0"]
[WhiteElo "1953"]
[BlackElo "2253"]
[PlyCount "71"]
[EventDate "1985.01.18"]
[EventType "swiss"]
[EventRounds "5"]
[EventCountry "CAN"]

1. d4 d5 2. c4 Nc6 3. cxd5 Qxd5 4. e3 e5 5. Nc3 Bb4 6. Bd2 Bxc3 7. bxc3 exd4 8.
cxd4 Nf6 9. Ne2 O-O 10. Nc3 Qd6 11. Rb1 Re8 12. Be2 Bf5 13. Rxb7 Nxd4 14. Nb5
Nxb5 15. Rxb5 Be4 16. O-O Rad8 17. Rb2 c5 18. f3 Qe5 19. Qc1 Ba8 20. e4 Rc8 21.
Bc3 Qe6 22. Rd1 c4 23. Qg5 h6 24. Qf4 Nd7 25. Rd6 Qe7 26. Bxg7 Kxg7 27. Qg4+
Qg5 28. Qxg5+ hxg5 29. Rxd7 a5 30. Kf2 Bc6 31. Rd4 c3 32. Rc2 Bb7 33. Rd3 Ba6
34. Rdxc3 Rxc3 35. Rxc3 Bxe2 36. Kxe2 1-0

[Event "Pere Noel"]
[Site "Montreal CAN"]
[Date "1984.12.28"]
[Round "3"]
[White "Bolduc, Steve"]
[Black "Lacroix, Serge"]
[Result "1-0"]
[WhiteElo "2054"]
[BlackElo "1941"]
[PlyCount "67"]
[EventDate "1984.12.26"]
[EventType "swiss"]
[EventCountry "CAN"]

1. d4 Nf6 2. Nf3 e6 3. c4 b6 4. a3 d5 5. cxd5 exd5 6. Bf4 Bd6 7. Bg3 O-O 8. e3
Re8 9. Nc3 Nbd7 10. Bxd6 cxd6 11. Rc1 a6 12. Bd3 Bb7 13. O-O b5 14. Re1 Rc8 15.
Bf5 Ne4 16. Qb3 Rc4 17. Nxe4 dxe4 18. Rxc4 exf3 19. Rc3 Qg5 20. Bh3 Bd5 21. Qd1
f5 22. e4 Bxe4 23. Rxf3 Nf6 24. Rg3 Qf4 25. Rc3 Nd5 26. Rc1 g6 27. f3 Ne3 28.
Qd2 Bd5 29. Rc3 Nxg2 30. Rxe8+ Kf7 31. Qxg2 Qxd4+ 32. Rce3 Qd1+ 33. Re1 Qd4+
34. Qf2 1-0

[Event "Tournoi de l'Ouest"]
[Site "Montreal CAN"]
[Date "1984.10.24"]
[Round "4"]
[White "Lacroix, Serge"]
[Black "Morin, Louis"]
[Result "1/2-1/2"]
[WhiteElo "1937"]
[BlackElo "1978"]
[PlyCount "135"]
[EventDate "1984.09.03"]
[EventType "tourn"]
[EventRounds "7"]
[EventCountry "CAN"]

1. d4 Nf6 2. c4 e6 3. Nf3 d5 4. g3 c5 5. cxd5 exd5 6. Bg2 Nc6 7. O-O Be7 8.
dxc5 Bxc5 9. Bg5 O-O 10. Nc3 Be7 11. Qb3 d4 12. Rfd1 Qa5 13. Bxf6 Bxf6 14. Nd5
Qd8 15. Rd2 Be6 16. Nxf6+ Qxf6 17. Qxb7 Rfc8 18. Rad1 Rab8 19. Qa6 Rb6 20. Qd3
Bxa2 21. Nxd4 Nxd4 22. Qxd4 Qxd4 23. Rxd4 g6 24. Rd8+ Rxd8 25. Rxd8+ Kg7 26.
Rd2 Be6 27. e4 a5 28. f4 a4 29. Kf2 Rb3 30. Bf3 a3 31. bxa3 Rxa3 32. g4 h6 33.
h4 g5 34. f5 Bc4 35. h5 Kf6 36. Rc2 Ra2 37. Rxa2 Bxa2 38. Ke3 Ke5 39. Be2 f6
40. Bd3 Bb3 41. Kd2 Kf4 42. Kc3 Bd1 43. Kd4 Bxg4 44. Kd5 Bxh5 45. Ke6 g4 46.
Kxf6 Ke3 47. Ba6 g3 48. Bf1 Kf2 49. Bh3 Bg4 50. Ke7 Bxh3 51. f6 g2 52. f7 g1=Q
53. f8=Q+ Ke2 54. Qxh6 Qa7+ 55. Kf8 Qb8+ 56. Kg7 Qc7+ 57. Kh8 Qd8+ 58. Kg7 Qe7+
59. Kh8 Qe8+ 60. Kg7 Qe7+ 61. Kh8 Be6 62. Qh2+ Kf3 63. Qh1+ Kf4 64. Qh6+ Kf3
65. Qh1+ Ke3 66. Qe1+ Kd4 67. Qd2+ Kxe4 68. Qe2+ 1/2-1/2

[Event "Montreal op"]
[Site "Montreal CAN"]
[Date "1984.09.03"]
[Round "5"]
[White "Lacroix, Serge"]
[Black "Rousseau, Daniel"]
[Result "1-0"]
[WhiteElo "1858"]
[BlackElo "1988"]
[PlyCount "51"]
[EventDate "1984.09.01"]
[EventType "swiss"]
[EventRounds "6"]
[EventCountry "CAN"]

1. d4 Nf6 2. c4 e6 3. Nc3 Bb4 4. e3 c5 5. Nge2 d5 6. a3 Bxc3+ 7. Nxc3 cxd4 8.
exd4 dxc4 9. Bxc4 Nc6 10. Be3 a6 11. d5 Ne5 12. Ba2 exd5 13. Nxd5 Nxd5 14. Qxd5
Qxd5 15. Bxd5 O-O 16. O-O Ng4 17. Bc5 Re8 18. Rfe1 Be6 19. Bxb7 Rab8 20. Bf3
Nf6 21. b4 Nd5 22. Rac1 Red8 23. g3 Nb6 24. h4 Rd3 25. Bg2 Rxa3 26. Bxb6 1-0

[Event "Quebec op"]
[Site "Laval CAN"]
[Date "1984.08.05"]
[Round "1"]
[White "Ivanov, Igor V"]
[Black "Lacroix, Serge"]
[Result "1-0"]
[WhiteElo "2527"]
[BlackElo "1862"]
[PlyCount "85"]
[EventDate "1984.08.05"]
[EventType "swiss"]
[EventRounds "8"]
[EventCountry "CAN"]

1. d4 Nf6 2. c4 g6 3. Nc3 d5 4. Bg5 Ne4 5. Bh4 Nxc3 6. bxc3 dxc4 7. e3 c5 8.
Bxc4 Bg7 9. Nf3 cxd4 10. cxd4 Qa5+ 11. Qd2 Qxd2+ 12. Nxd2 Nc6 13. Nb3 e5 14. d5
Nb4 15. Kd2 b6 16. Rhc1 Ba6 17. Kc3 Bxc4 18. Kxc4 a5 19. e4 Bh6 20. Bf6 Bxc1
21. Bxh8 Bb2 22. Rb1 Rc8+ 23. Kb5 Nd3 24. Rd1 Nb4 25. Kxb6 Nxa2 26. d6 Kd7 27.
Nc5+ Rxc5 28. Kxc5 Nc3 29. Re1 a4 30. Bxe5 a3 31. Kc4 Nb5 32. Bxb2 Nxd6+ 33.
Kd3 axb2 34. Rb1 Ke6 35. Rxb2 h5 36. f4 f5 37. e5 Ne4 38. Kd4 h4 39. Ra2 h3 40.
gxh3 Kf7 41. h4 Ke6 42. Rc2 Kd7 43. Re2 1-0

[Event "Granby"]
[Site "Granby CAN"]
[Date "1984.04.15"]
[Round "4"]
[White "Leger, Michel"]
[Black "Lacroix, Serge"]
[Result "1-0"]
[WhiteElo "1756"]
[BlackElo "1967"]
[PlyCount "65"]
[EventDate "1984.04.14"]
[EventType "swiss"]
[EventRounds "4"]
[EventCountry "CAN"]

1. e4 c5 2. Nf3 Nf6 3. Nc3 d6 4. d4 cxd4 5. Nxd4 g6 6. f3 Bg7 7. Be3 Nc6 8. Qd2
O-O 9. O-O-O Qa5 10. Nb3 Qc7 11. h4 Bd7 12. Be2 Rac8 13. Bh6 Ne5 14. Bxg7 Kxg7
15. h5 Be6 16. hxg6 fxg6 17. Nd4 Bf7 18. Qh6+ Kg8 19. g4 Qa5 20. g5 Nh5 21.
Rxh5 gxh5 22. Nf5 Nd3+ 23. Bxd3 Qe5 24. g6 Bxg6 25. f4 Qh8 26. Nxe7+ Kf7 27.
Nxc8 Rxc8 28. f5 Qd4 29. fxg6+ hxg6 30. Rf1+ Ke6 31. Qxg6+ Kd7 32. Qf5+ Kc7 33.
Nb5+ 1-0

[Event "Revanche"]
[Site "Montreal CAN"]
[Date "1984.03.28"]
[Round "2"]
[White "Morin, Louis"]
[Black "Lacroix, Serge"]
[Result "1-0"]
[WhiteElo "1902"]
[BlackElo "1920"]
[PlyCount "109"]
[EventDate "1984.03.21"]
[EventType "tourn"]
[EventRounds "5"]
[EventCountry "CAN"]

1. e4 c5 2. Nf3 Nf6 3. Nc3 d6 4. d4 cxd4 5. Nxd4 g6 6. Be3 Bg7 7. f3 Nc6 8. Bc4
Bd7 9. Qd2 Ne5 10. Bb3 Qa5 11. h4 O-O 12. h5 Nxh5 13. g4 Nf6 14. Qh2 Rfc8 15.
O-O-O Rxc3 16. Bd2 Rxc2+ 17. Kxc2 Qc5+ 18. Bc3 b5 19. Kb1 a5 20. Bd5 Ra6 21.
Nb3 Qc7 22. Bxe5 dxe5 23. Rc1 Qb8 24. Nd4 Qd6 25. Ne2 Nxd5 26. Qxh7+ Kf8 27.
exd5 e4 28. fxe4 Qe5 29. Nc3 Ra8 30. Rcf1 Ra6 31. Qh2 Qxh2 32. Rxh2 b4 33. Ne2
Bxg4 34. Nf4 Be5 35. Rhf2 Bd4 36. Rd2 Bf6 37. Rg2 Bd7 38. Kc1 Ke8 39. Nd3 Bh3
40. Rff2 Bxg2 41. Rxg2 Bd4 42. Kc2 e6 43. Kb3 exd5 44. exd5 Rf6 45. Kc4 Bb6 46.
Kb5 Bd8 47. Ne5 Rd6 48. Re2 Kf8 49. Kc5 Rf6 50. Nd7+ Kg7 51. Nxf6 Bxf6 52. d6
g5 53. d7 Kg6 54. Kd6 g4 55. Re7 1-0

[Event "Outaouais op"]
[Site "Hull CAN"]
[Date "1983.11.13"]
[Round "5"]
[White "Lacroix, Serge"]
[Black "Morin, Louis"]
[Result "0-1"]
[WhiteElo "1899"]
[BlackElo "1830"]
[PlyCount "86"]
[EventDate "1983.11.12"]
[EventType "swiss"]
[EventRounds "5"]
[EventCountry "CAN"]

1. d4 Nf6 2. c4 e6 3. Nc3 d5 4. Bg5 Be7 5. Nf3 O-O 6. e3 Nbd7 7. cxd5 exd5 8.
Bd3 c6 9. Qc2 Re8 10. O-O Nf8 11. a3 Ng6 12. b4 a6 13. Rab1 Ne4 14. Bxe7 Qxe7
15. Bxe4 dxe4 16. Nd2 f5 17. a4 Be6 18. Rbc1 Qg5 19. Ne2 Bd5 20. g3 Nh4 21. Nf4
Nf3+ 22. Kg2 Nxd4 23. exd4 e3+ 24. Nf3 Bxf3+ 25. Kxf3 Re4 26. Qb3+ Kh8 27. fxe3
Qg4+ 28. Kg2 Rae8 29. h3 Qg5 30. Rf3 h5 31. h4 Qg4 32. Rff1 g5 33. hxg5 h4 34.
Ng6+ Kg7 35. Nxh4 f4 36. Rf3 Rf8 37. Qc2 fxg3 38. Rxf8 Qxh4 39. Rf3 Qh2+ 40.
Kf1 Qh1+ 41. Ke2 Qg2+ 42. Kd3 Qxf3 43. Qe2 Rxd4+ 0-1

[Event "Lauzier Little"]
[Site "Montreal CAN"]
[Date "1983.12.21"]
[Round "5"]
[White "Morin, Louis"]
[Black "Lacroix, Serge"]
[Result "1/2-1/2"]
[WhiteElo "1908"]
[BlackElo "1829"]
[PlyCount "64"]
[EventDate "1983.11.07"]
[EventType "tourn"]
[EventRounds "5"]
[EventCountry "CAN"]

1. e4 c5 2. Nf3 Nf6 3. Nc3 d6 4. d4 cxd4 5. Nxd4 g6 6. Be3 Nc6 7. f3 Bg7 8. Qd2
Bd7 9. Bc4 Ne5 10. Bb3 Qa5 11. h4 Rc8 12. O-O-O Nc4 13. Bxc4 Rxc4 14. Kb1 h5
15. Nb3 Qc7 16. Ne2 b6 17. Nbc1 Qc8 18. Nd3 Be6 19. Nd4 Nxe4 20. fxe4 Bxd4 21.
Bxd4 Rxd4 22. e5 dxe5 23. Qg5 Bxa2+ 24. Kc1 Bb3 25. c3 Bxd1 26. Rxd1 Rxd3 27.
Rxd3 Qf5 28. Qd2 O-O 29. Rd7 Qf1+ 30. Kc2 Qf5+ 31. Kc1 Qf1+ 32. Kc2 Qf5+
1/2-1/2

[Event "Par semaine"]
[Site "Montreal CAN"]
[Date "1983.11.02"]
[Round "3"]
[White "Morin, Louis"]
[Black "Lacroix, Serge"]
[Result "1/2-1/2"]
[WhiteElo "1854"]
[BlackElo "1878"]
[PlyCount "140"]
[EventDate "1983.10.26"]
[EventType "swiss"]
[EventRounds "4"]
[EventCountry "CAN"]

1. e4 c5 2. b4 cxb4 3. a3 bxa3 4. Nxa3 d5 5. exd5 Qxd5 6. Nf3 Bg4 7. Nb5 Bxf3
8. Nc7+ Kd8 9. Nxd5 Bxd1 10. Nb6 Bxc2 11. Nxa8 Nc6 12. Nb6 Nf6 13. Nc4 e6 14.
Ne3 Be4 15. f3 Bg6 16. Ba3 a6 17. Be2 Bxa3 18. Rxa3 Kc7 19. Bd3 Bxd3 20. Rxd3
Rd8 21. Rxd8 Kxd8 22. Ke2 Kc7 23. Rc1 b5 24. d4 Kb6 25. Kd3 a5 26. g4 a4 27. g5
Nb4+ 28. Kd2 Nfd5 29. Nxd5+ Nxd5 30. Rc8 b4 31. Rb8+ Ka6 32. Rf8 b3 33. Kc1 Kb5
34. Kb2 Kb4 35. Rb8+ Kc4 36. Rb7 Nf4 37. Rxf7 Nd3+ 38. Ka3 b2 39. Rb7 Kxd4 40.
Rb6 Ke3 41. Rxe6+ Kxf3 42. Rb6 Kg4 43. Rb7 g6 44. Rb5 Kh3 45. Rb7 Kxh2 46.
Rxh7+ Kg3 47. Rb7 Kf4 48. Rb5 Ke3 49. Ka2 Kd2 50. Rb6 a3 51. Kxa3 Nf4 52. Kxb2
Ke3 53. Kc2 Kf3 54. Kd2 Kg4 55. Rb5 Ne6 56. Ke3 Nxg5 57. Rb6 Kf5 58. Kf2 Ne4+
59. Kg2 g5 60. Rb5+ Kf4 61. Rb8 g4 62. Re8 g3 63. Rf8+ Ke3 64. Rg8 Kf4 65. Rg7
Ke3 66. Rg4 Kd3 67. Kf3 Nd2+ 68. Kxg3 Ne4+ 69. Kf3 Nd2+ 70. Kf4 Kd4 1/2-1/2

[Event "Cafe Campus"]
[Site "Montreal CAN"]
[Date "1983.09.16"]
[Round "1"]
[White "Spraggett, Kevin"]
[Black "Lacroix, Serge"]
[Result "1-0"]
[WhiteElo "2572"]
[BlackElo "1951"]
[PlyCount "69"]
[EventDate "1983.09.16"]
[EventType "swiss"]
[EventRounds "5"]
[EventCountry "CAN"]

1. c4 e5 2. Nc3 Bb4 3. g3 Nf6 4. Nf3 Nc6 5. Bg2 d6 6. O-O O-O 7. Nd5 Bc5 8. e3
Bg4 9. h3 Nxd5 10. hxg4 Nf6 11. d4 Bb6 12. d5 Ne7 13. Nh4 Qd7 14. g5 Ne8 15. e4
c6 16. Kh2 cxd5 17. cxd5 Qb5 18. Bh3 g6 19. b3 a5 20. a4 Qb4 21. f3 Bd4 22. Ra2
Kg7 23. f4 f5 24. gxf6+ Nxf6 25. Ba3 Qb6 26. Re2 Ne8 27. Nf3 h6 28. fxe5 Rxf3
29. Rxf3 Bxe5 30. Ref2 Nf6 31. Rxf6 Bxf6 32. Rxf6 Kxf6 33. Qf3+ Kg7 34. Bb2+
Kg8 35. Be6+ 1-0

[Event "Montreal-ch classe"]
[Site "Montreal CAN"]
[Date "1982.12.05"]
[Round "4"]
[White "Lacroix, Serge"]
[Black "Brodie, Hugh"]
[Result "1-0"]
[WhiteElo "1975"]
[BlackElo "1927"]
[PlyCount "49"]
[EventDate "1982.12.03"]
[EventType "swiss"]
[EventRounds "5"]
[EventCountry "CAN"]

1. d4 e6 2. c4 Bb4+ 3. Nc3 f5 4. g3 Nf6 5. Bg2 O-O 6. Nf3 d6 7. O-O Bxc3 8.
bxc3 Ne4 9. Qd3 Nd7 10. Nd2 Nxd2 11. Bxd2 e5 12. dxe5 Nxe5 13. Qd5+ Kh8 14. c5
Nf7 15. cxd6 Qxd6 16. Be3 a5 17. Rab1 Qa6 18. Rfd1 Nd6 19. Bf3 Rb8 20. Bd4 Re8
21. Bc5 Rd8 22. Bd4 b5 23. Qe5 Ne8 24. Qe7 Be6 25. Bxg7+ 1-0

[Event "TORO"]
[Site "Hull CAN"]
[Date "1982.??.??"]
[Round "5"]
[White "Lacroix, Serge"]
[Black "Morin, Louis"]
[Result "1-0"]
[WhiteElo "1935"]
[BlackElo "1906"]
[PlyCount "81"]
[EventDate "1982.11.26"]
[EventType "swiss"]
[EventRounds "5"]
[EventCountry "CAN"]

1. d4 Nf6 2. c4 e6 3. Nc3 d5 4. Bf4 Be7 5. Rc1 O-O 6. Nf3 c6 7. e3 Nbd7 8. Bd3
a6 9. O-O dxc4 10. Bxc4 b5 11. Bd3 Bb7 12. Ne4 Nxe4 13. Bxe4 Rc8 14. Ne5 Nxe5
15. Bxe5 Qb6 16. Qh5 f5 17. Bf3 c5 18. dxc5 Bxf3 19. cxb6 Bxh5 20. Rxc8 Rxc8
21. b7 Rf8 22. b8=Q Rxb8 23. Bxb8 Bf6 24. b3 b4 25. f3 Be8 26. f4 Bb5 27. Rd1
Kf7 28. Be5 Be7 29. Bd6 a5 30. Bxe7 Kxe7 31. Kf2 Bc6 32. Rc1 Kd6 33. g3 Bb7 34.
Ke2 Ba6+ 35. Kd2 Bb7 36. Kd3 Bd5 37. Rc8 a4 38. bxa4 Bxa2 39. a5 Kd7 40. Rb8 b3
41. a6 1-0

[Event "Cafe Campus"]
[Site "Montreal CAN"]
[Date "1982.10.02"]
[Round "2"]
[White "Lacroix, Serge"]
[Black "Bolduc, Steve"]
[Result "0-1"]
[WhiteElo "1920"]
[BlackElo "2159"]
[PlyCount "129"]
[EventDate "1982.10.01"]
[EventType "swiss"]
[EventRounds "5"]
[EventCountry "CAN"]

1. d4 d5 2. c4 c6 3. Nc3 Nf6 4. cxd5 cxd5 5. Bf4 Nc6 6. e3 e6 7. Bd3 a6 8. Nf3
b5 9. O-O Bd6 10. Bxd6 Qxd6 11. Rc1 O-O 12. Bb1 Bb7 13. Ne2 Ne4 14. Nf4 Rac8
15. Bxe4 dxe4 16. Ng5 Ne7 17. Rxc8 Nxc8 18. Qc2 e5 19. Ne2 exd4 20. Nxd4 Qe5
21. Nh3 Ne7 22. Nf4 Rc8 23. Qd2 Nd5 24. Nfe2 Nb6 25. b3 Nd7 26. Rc1 Nc5 27. Qa5
Qf6 28. Nf4 Qd6 29. Qb4 Qe5 30. g3 Rc7 31. Qa5 Rd7 32. Qb6 Rc7 33. b4 Ne6 34.
Rxc7 Qxc7 35. Qxc7 Nxc7 36. Kf1 Bd5 37. a3 Bc4+ 38. Ke1 Kf8 39. Kd2 g5 40. Nfe2
Ke7 41. Nc6+ Kd6 42. Ned4 Bd5 43. Na5 Na8 44. Kc3 Nb6 45. Nf5+ Ke5 46. Ne7 Be6
47. Nec6+ Kf5 48. Nd4+ Kg4 49. Nb7 Bd5 50. Nc5 Nc4 51. Nxa6 Nd6 52. Nc7 Bc4 53.
Ncxb5 Bxb5 54. Nxb5 Nxb5+ 55. Kb3 Kf3 56. a4 Nc7 57. Kc4 Kxf2 58. Kd4 f5 59. b5
f4 60. b6 Na6 61. Kc4 fxe3 62. Kb5 Nb8 63. a5 e2 64. a6 Nxa6 65. Kxa6 0-1

[Event "Equinoxe Specialiste"]
[Site "Montreal CAN"]
[Date "1982.09.26"]
[Round "4"]
[White "Rousseau, Daniel"]
[Black "Lacroix, Serge"]
[Result "1/2-1/2"]
[WhiteElo "2229"]
[BlackElo "1887"]
[PlyCount "58"]
[EventDate "1982.09.24"]
[EventType "swiss"]
[EventRounds "5"]
[EventCountry "CAN"]

1. e4 d6 2. d4 Nf6 3. Nc3 g6 4. Bg5 Bg7 5. f3 c6 6. Qd2 Nbd7 7. O-O-O b5 8. e5
b4 9. Nce2 Nd5 10. exd6 Qa5 11. Kb1 exd6 12. Nc1 O-O 13. Nh3 N7f6 14. Nf2 Re8
15. Bd3 Ba6 16. Nb3 Qb6 17. Ne4 Bxd3 18. Qxd3 Re6 19. Rhe1 Rae8 20. Re2 Nh5 21.
Qd2 f5 22. Ng3 Rxe2 23. Nxe2 a5 24. Nbc1 a4 25. c4 bxc3 26. Nxc3 Nxc3+ 27. Qxc3
h6 28. Be3 Kh7 29. Qd2 Nf6 1/2-1/2

[Event "Qualification Specialiste"]
[Site "Montreal CAN"]
[Date "1982.08.22"]
[Round "3"]
[White "Bolduc, Steve"]
[Black "Lacroix, Serge"]
[Result "1-0"]
[WhiteElo "2140"]
[BlackElo "1902"]
[PlyCount "73"]
[EventDate "1982.08.21"]
[EventType "swiss"]
[EventRounds "4"]
[EventCountry "CAN"]

1. c4 e5 2. Nc3 Nf6 3. Nf3 d6 4. d4 exd4 5. Nxd4 Nc6 6. g3 Nxd4 7. Qxd4 a6 8.
Bg2 Be7 9. O-O O-O 10. h3 Rb8 11. a4 Be6 12. Be3 Nd7 13. Nd5 Bxd5 14. cxd5 Nc5
15. Ra3 a5 16. b4 Bf6 17. Qd2 axb4 18. Qxb4 Re8 19. a5 Qe7 20. Qc4 b6 21. Rb1
bxa5 22. Rxb8 Rxb8 23. Rxa5 Rb1+ 24. Kh2 h5 25. Ra8+ Kh7 26. Qc2+ g6 27. Qxb1
h4 28. Bxc5 hxg3+ 29. fxg3 dxc5 30. Qe4 Qd6 31. Re8 Qd7 32. Bf3 c4 33. Ra8 c3
34. Ra6 Bg7 35. Rc6 Qd8 36. Qh4+ Qxh4 37. gxh4 1-0

[Event "En attendant Roman"]
[Site "Montreal CAN"]
[Date "1982.07.14"]
[Round "3"]
[White "Morin, Louis"]
[Black "Lacroix, Serge"]
[Result "1-0"]
[WhiteElo "1812"]
[BlackElo "1966"]
[PlyCount "125"]
[EventDate "1982.07.10"]
[EventType "tourn"]
[EventRounds "6"]
[EventCountry "CAN"]

1. e4 d6 2. d4 Nf6 3. Nc3 g6 4. f4 Bg7 5. Nf3 O-O 6. Bd3 Nc6 7. e5 dxe5 8. dxe5
Nd5 9. Nxd5 Qxd5 10. Qe2 Bf5 11. Bxf5 gxf5 12. Be3 f6 13. exf6 Bxf6 14. c3 Rad8
15. O-O Qd3 16. Kf2 e5 17. Qxd3 Rxd3 18. fxe5 Nxe5 19. Nxe5 Bxe5 20. Ke2 Rd7
21. g3 Kg7 22. Rad1 Re7 23. Kf3 b6 24. Rfe1 Rfe8 25. Bd4 Kf6 26. Rxe5 Rxe5 27.
Bxe5+ Rxe5 28. Rd7 Rc5 29. Ke3 h5 30. Kd4 a5 31. h4 a4 32. b4 axb3 33. axb3 f4
34. gxf4 Kf5 35. b4 Rc6 36. Rg7 Kxf4 37. Rg5 Rh6 38. c4 Rd6+ 39. Kc3 Rh6 40. c5
Ke4 41. cxb6 cxb6 42. Kc4 Rc6+ 43. Kb5 Rh6 44. Ka6 Kd4 45. b5 Kc4 46. Rf5 Kb4
47. Rf4+ Kc5 48. Rf7 Re6 49. Rc7+ Kb4 50. Rc6 Re4 51. Rxb6 Kc5 52. Rc6+ Kd5 53.
Rh6 Ra4+ 54. Kb7 Rxh4 55. b6 Ke5 56. Kc6 Kf5 57. b7 Rc4+ 58. Kb5 Rc1 59. Rxh5+
Ke6 60. Kb6 Rb1+ 61. Rb5 Rxb5+ 62. Kxb5 Kd7 63. b8=Q 1-0

[Event "Le Backgammon"]
[Site "Montreal CAN"]
[Date "1982.06.08"]
[Round "4"]
[White "Morin, Louis"]
[Black "Lacroix, Serge"]
[Result "1-0"]
[WhiteElo "1830"]
[BlackElo "1953"]
[PlyCount "137"]
[EventDate "1982.06.06"]
[EventType "swiss"]
[EventRounds "5"]
[EventCountry "CAN"]

1. e4 d6 2. d4 Nf6 3. Nc3 g6 4. f4 Bg7 5. Nf3 O-O 6. Bd3 Nc6 7. e5 dxe5 8. dxe5
Nd5 9. Nxd5 Qxd5 10. Qe2 Bf5 11. Bc4 Qe4 12. c3 Rad8 13. O-O Qxe2 14. Bxe2 Bd3
15. Kf2 f6 16. Bxd3 Rxd3 17. Ke2 Rd5 18. exf6 exf6 19. Be3 Re8 20. Rad1 Rb5 21.
b3 f5 22. c4 Ra5 23. a4 Ra6 24. Kf2 Nb4 25. Bd4 Rae6 26. Be5 Nc6 27. Bxg7 Re2+
28. Kg1 Kxg7 29. Rd7+ R8e7 30. Rxe7+ Nxe7 31. Re1 Rxe1+ 32. Nxe1 Nc6 33. Nf3
Kf6 34. Kf2 Ke7 35. Ke3 Kd6 36. Kd3 Kc5 37. Kc3 a5 38. g3 h6 39. Nh4 Ne7 40.
Nf3 c6 41. Ne5 g5 42. fxg5 hxg5 43. Nf7 g4 44. Nd8 b5 45. Ne6+ Kd6 46. Nf4 b4+
47. Kd4 c5+ 48. Ke3 Nc6 49. Nd3 Nd4 50. Nc1 Ke6 51. Kf4 Kf6 52. Ke3 Kg5 53. Kf2
Kh5 54. Ke3 Nf3 55. Nd3 Nxh2 56. Nxc5 Nf1+ 57. Kf4 Nxg3 58. Kxg3 Kg5 59. Nd3
Kf6 60. Kf4 Ke6 61. Ke3 Kd6 62. Kd4 Ke6 63. c5 Kd7 64. Kd5 Kc7 65. Nf4 g3 66.
c6 Kd8 67. Kc5 Kc8 68. Kb6 Kb8 69. Kxa5 1-0

[Event "Quebec-ch qual. 1"]
[Site "Montreal CAN"]
[Date "1982.04.17"]
[Round "2"]
[White "Rousseau, Daniel"]
[Black "Lacroix, Serge"]
[Result "1-0"]
[WhiteElo "1913"]
[BlackElo "1995"]
[PlyCount "105"]
[EventDate "1982.04.16"]
[EventType "swiss"]
[EventRounds "5"]
[EventCountry "CAN"]

1. e4 d6 2. d4 Nf6 3. Nc3 g6 4. f4 Bg7 5. Nf3 O-O 6. Bd3 Nc6 7. O-O Bg4 8. Ne2
e5 9. d5 Nd4 10. Nexd4 exd4 11. h3 Bxf3 12. Qxf3 c5 13. Bd2 Re8 14. b4 c4 15.
e5 cxd3 16. exf6 Qxf6 17. Qxd3 Re7 18. f5 g5 19. Rf3 Rae8 20. Raf1 h6 21. Qb5
Rc8 22. Rc1 Rec7 23. Qd3 a6 24. h4 g4 25. Rf4 Qxh4 26. f6 Bxf6 27. Qf5 h5 28.
Qxf6 Qxf6 29. Rxf6 Rxc2 30. Rxc2 Rxc2 31. Bg5 Rxa2 32. Rxd6 d3 33. Rf6 Kf8 34.
Rf2 Ra1+ 35. Rf1 Rxf1+ 36. Kxf1 Ke8 37. Ke1 Kd7 38. Bf4 b6 39. Kd2 a5 40. b5 h4
41. Kxd3 h3 42. gxh3 gxh3 43. Ke4 Ke7 44. Ke5 f6+ 45. Ke4 Kd7 46. d6 Ke6 47.
Kd4 Kf5 48. d7 Kxf4 49. d8=Q Kg3 50. Qg8+ Kf2 51. Qh7 Kg2 52. Qg6+ Kh1 53. Ke3
1-0